LEADER 01547nam2-2200445---450- 001 990006168210203316 005 20160914123849.0 035 $a000616821 035 $aUSA01000616821 035 $a(ALEPH)000616821USA01 035 $a000616821 100 $a20060731d1982----km-y0itay0103----ba 101 0 $aita 102 $aIT 105 $aa|||||||001yy 200 1 $a<<3.1.1>> : Antefisse$etesto$fdi Patrizio Pensabene, Maria Rita Sanzi Di Mino 210 $aRoma$cDe Luca$d1982 215 $a393 p.$cill.$d25 cm 300 $aIn testa al front.: Ministero per i beni culturali e ambientali, Soprintendenza archeologica di Roma 461 1$1001000182226$12001$aMuseo Nazionale Romano 462 $1001000616822$12001$a<> terrecotte 606 0$aTerrecotte$xCollezioni [del] Museo Nazionale Romano 676 $a938.8 702 1$aPENSABENE,$bPatrizio 702 1$aSANZI DI MINO,$bMaria Rita 710 02$aMuseo Nazionale Romano$0172754 801 0$aIT$bsalbc$gISBD 912 $a990006168210203316 951 $aXI.5.B. 612 3.1.1$b252832 L.M.$cXI.5.B.$d391042 959 $aBK 969 $aUMA 979 $aALESSANDRA$b90$c20160914$lUSA01$h1126 979 $aALESSANDRA$b90$c20160914$lUSA01$h1133 979 $aALESSANDRA$b90$c20160914$lUSA01$h1135 979 $aALESSANDRA$b90$c20160914$lUSA01$h1135 979 $aALESSANDRA$b90$c20160914$lUSA01$h1152 979 $aALESSANDRA$b90$c20160914$lUSA01$h1153 979 $aALESSANDRA$b90$c20160914$lUSA01$h1238 996 $aAntefisse$91393573 997 $aUNISA LEADER 01112nam 2200277z- 450 001 9910689822703321 005 20161209105135.0 035 $a(CKB)5860000000024077 035 $a(BIP)013310419 035 $a(EXLCZ)995860000000024077 100 $a20220406c2003uuuu -u- - 101 0 $aeng 200 14$aThe future of the securities markets $ehearing before the Subcommittee on Securities and Investment of the Committee on Banking, Housing, and Urban Affairs, United States Senate, One Hundred Eighth Congress, first session, on the structure of the U.S. equities markets, with particular regard to their fairness and efficiency, October 15, 2003 215 $a1 online resource (iii, 35 p.) 311 $a0-16-074756-2 606 $aSecurities industry$zUnited States 606 $aStock exchanges$zUnited States 610 $aSecurities industry 610 $aStock exchanges 610 $aBusiness & economics 615 0$aSecurities industry 615 0$aStock exchanges 906 $aBOOK 912 $a9910689822703321 996 $aThe future of the securities markets$93193424 997 $aUNINA